Statistics for Croatia World Cup 2022 Squad

Click here to take the quiz!

General Stats

  • This quiz has been taken 24 times
  • The average score is 18 of 26

Answer Stats

PositionClubPlayer% Correct
MFReal MadridLuka Modric
100%
GKDinamo ZagrebDominik Livakovic
95%
FWTottenham HotspurIvan Perisic
95%
MFInter MilanMarcelo Brozovic
91%
DFZenit St. PetersburgDejan Lovren
86%
DFRB LeipzigJosko Gvardiol
86%
FWTSG HoffenheimAndrej Kramaric
82%
FWDinamo ZagrebBruno Petkovic
82%
MFAtalantaMario Pasalic
82%
MFChelseaMateo Kovacic
82%
DFVFB StuttgartBorna Sosa
77%
GKAtletico MadridIvo Grbic
77%
MFStade RennesLovro Majer
77%
DFAEK AthensDomagoj Vida
73%
FWDinamo ZagrebMislav Orsic
73%
DFCelticJosip Juranovic
68%
DFBayern MunichJosip Stanisic
59%
MFTorinoNikola Vlasic
59%
FWOsasunaAnte Budimir
55%
FWHajduk SplitMarko Livaja
55%
DFRangersBorna Barisic
50%
MFEintracht FrankfurtKristijan Jakic
45%
DFSassuoloMartin Erlic
45%
MFRB SalzburgLuka Sucic
41%
DFDinamo ZagrebJosip Sutalo
36%
GKOsijekIvica Ivusic
27%

Score Distribution

Percentile by Number Answered

Percent of People with Each Score

Your Score History

You have not taken this quiz